Statistiken für Asiatische Länder - Schreib den ersten Buchstaben

Klicken Sie hier um das Quiz zu spielen!

Allgemein

  • Dieses Quiz wurde 1.536 mal gespielt
  • Das Durchschnittsergebnis liegt bei 33 aus 48

Antworten auf der Karte

Die Antworten werden auf der Karte rot bzw. grün angezeigt, abhängig davon wie oft sie richtig erraten wurden.
 

Antwortstatistiken

Land% Korrekt
Singapur
72%
Tadschikistan
72%
Thailand
72%
Armenien
71%
China
71%
Indonesien
71%
Irak
71%
Japan
71%
Jemen
71%
Kasachstan
71%
Malediven
71%
Mongolei
71%
Myanmar
71%
Syrien
71%
Zypern
71%
Aserbaidschan
70%
Bangladesch
70%
Indien
70%
Iran
70%
Israel
70%
Katar
70%
Nordkorea
70%
Oman
70%
Pakistan
70%
Philippinen
70%
Sri Lanka
70%
Südkorea
70%
Türkei
70%
Vietnam
70%
Afghanistan
69%
Georgien
69%
Jordanien
69%
Kirgisistan
69%
Kuwait
69%
Laos
69%
Nepal
69%
Saudi-Arabien
69%
Taiwan
69%
Vereinigte Arabische Emirate
69%
Bhutan
68%
Brunei
68%
Malaysia
68%
Osttimor
68%
Turkmenistan
68%
Kambodscha
67%
Usbekistan
67%
Bahrain
66%
Libanon
66%

Verteilung der Resultate

Perzentil nach korrekt beantworteten Fragen

Anzahl Personen mit jedem Resultat

Ihre Resultats-Entwicklung

Sie haben dieses Quiz noch nicht gespielt